World City Suffixes - Statistics

General Stats
  • This quiz has been taken 104 times
  • The average score is 42 of 164
Answer Stats
Suffix Population City % Correct
-abad 3.45 mil Islamabad
86%
-burg 2.87 mil Hamburg
73%
-city 23.0 mil Mexico City
72%
-burg 13.9 mil Johannesburg
69%
-ow 17.3 mil Moscow
68%
-sk 2.00 mil Minsk
66%
-city 1.54 mil Panama City
65%
-burg 5.65 mil Saint Petersburg
65%
-city 22.1 mil New York City
62%
-ing 19.8 mil Beijing
61%
-est 2.62 mil Budapest
59%
-zhou 46.7 mil Guangzhou
59%
-yang 2.95 mil Pyongyang
59%
-polis 2.00 mil Indianapolis
58%
-arta 31.3 mil Jakarta
58%
-ham 3.15 mil Birmingham
57%
-city 3.15 mil Guatemala City
57%
-abad 10.2 mil Hyderabad
57%
-ima 10.1 mil Lima
55%
-lin 4.72 mil Berlin
54%
-est 2.20 mil Bucharest
53%
-polis 3.17 mil Minneapolis
51%
-grad 1.41 mil Volgograd
51%
-kent 3.22 mil Tashkent
50%
-abad 8.50 mil Ahmedabad
49%
-town 4.22 mil Cape Town
49%
-ago 7.25 mil Santiago
49%
-city 4.75 mil Kuwait City
46%
-pur 3.95 mil Jaipur
43%
-ai 25.1 mil Mumbai
43%
-ai 33.6 mil Shanghai
43%
-ton 7.75 mil Boston
41%
-asa 12.4 mil Kinshasa
41%
-th 2.07 mil Perth
41%
-ey 5.30 mil Sydney
39%
-ei 9.15 mil Taipei
39%
-ton 8.55 mil Washington
39%
-ville 2.25 mil Brazzaville
38%
-ul 24.8 mil Seoul
38%
-ara 5.05 mil Ankara
36%
-ton 6.75 mil Houston
36%
-ch 2.25 mil Munich
36%
-ul 4.32 mil Kabul
35%
-pur 8.90 mil Kuala Lumpur
35%
-land 2.42 mil Portland
35%
-ago 9.75 mil Chicago
34%
-zhou 8.45 mil Hangzhou
34%
-ul 16.0 mil Istanbul
34%
-to 7.45 mil Toronto
34%
-ing 6.60 mil Nanjing
32%
-men 10.0 mil Xiamen
32%
-town 2.12 mil George Town
31%
-an 6.20 mil Milan
31%
-an 15.3 mil Tehran
31%
-iv 2.70 mil Tel Aviv
31%
-ns 3.35 mil Athens
30%
-ia 4.00 mil Brasília
30%
-town 1.79 mil Freetown
30%
-er 2.87 mil Vancouver
30%
-ch 1.43 mil Zurich
30%
-ia 7.35 mil Philadelphia
28%
-x 4.70 mil Phoenix
28%
-yang 8.00 mil Shenyang
28%
-an 6.95 mil Xi'an
28%
-ai 11.3 mil Chennai
27%
-ai 5.35 mil Dubai
27%
-ana 2.22 mil Havana
27%
-city 8.60 mil Ho Chi Minh City
27%
-ala 3.52 mil Kampala
27%
-ville 1.06 mil Louisville
27%
-ia 5.80 mil Alexandria
26%
-er 3.75 mil Denver
26%
-lin 1.39 mil Dublin
26%
-abad 3.65 mil Faisalabad
26%
-land 1.41 mil Auckland
24%
-land 3.07 mil Cleveland
24%
-ville 1.45 mil Jacksonville
24%
-ville 1.48 mil Nashville
24%
-city 1.14 mil Oklahoma City
24%
-sk 1.12 mil Omsk
24%
-an 9.05 mil Wuhan
24%
-zhou 4.95 mil Zhengzhou
24%
-city 1.99 mil Kansas City
23%
-ung 6.95 mil Bandung
22%
-ing 8.15 mil Chongqing
22%
-iv 1.64 mil Kharkiv
22%
-city 2.45 mil Salt Lake City
22%
-an 5.60 mil Amman
20%
-ow 1.68 mil Glasgow
20%
-er 3.05 mil Manchester
20%
-ey 5.00 mil Monterrey
20%
-an 4.12 mil Busan
19%
-ey 1.30 mil Niamey
19%
-sk 1.69 mil Novosibirsk
19%
-ton 1.37 mil Edmonton
18%
-asa 1.22 mil Mombasa
18%
-pur 3.27 mil Nagpur
18%
-to 1.54 mil Porto
18%
-ara 5.35 mil Guadalajara
16%
-pur 3.47 mil Kanpur
16%
-lin 4.02 mil Medellín
16%
-ham 1.38 mil Nottingham
16%
-ul 1.00 mil Banjul
15%
-ama 1.53 mil Manama
15%
-to 2.72 mil Quito
15%
-x 1.08 mil Bordeaux
14%
-us 1.76 mil Columbus
14%
-us 3.82 mil Damascus
14%
-yang 3.30 mil Guiyang
14%
-ay 1,56 mil Mandalay
14%
-ns 1.01 mil New Orleans
14%
-zhou 5.35 mil Wenzhou
14%
-an 4.55 mil Dalian
12%
-ing 4.25 mil Kunming
12%
-to 2.27 mil Maputo
12%
-io 2.22 mil San Antonio
12%
-ia 2.00 mil Valencia
12%
-ei 4.95 mil Hefei
11%
-an 4.47 mil Jinan
11%
-ara 1.30 mil Samara
11%
-ville 1.29 mil Seville
11%
-z 1.77 mil Shiraz
11%
-ton 1.26 mil Stockton
11%
-burg 1.66 mil Yekaterinburg
11%
-city 1.65 mil Benin City
9%
-sk 1.44 mil Donetsk
9%
-z 2.12 mil La Paz
9%
-arta 1.94 mil Yogyakarta
9%
-sk 1.41 mil Chelyabinsk
8%
-er 1.15 mil Hanover
8%
-ima 1.88 mil Hiroshima
8%
-lin 1.54 mil Jilin
8%
-ow 3.72 mil Lucknow
8%
-an 5.60 mil Abidjan
7%
-ala 3.37 mil Douala
7%
-ce 1.01 mil Florence
7%
-ce 2.35 mil Katowice
7%
-us 2.20 mil Manaus
7%
-to 2.07 mil Sacramento
7%
-z 1.82 mil Tabriz
7%
-ana 1.97 mil Tijuana
7%
-men 1.00 mil Bremen
5%
-polis 1.00 mil Florianópolis
5%
-ung 2.77 mil Kaohsiung
5%
-ce 3.22 mil Port-au-Prince
5%
-z 2.15 mil Santa Cruz
5%
-kent 1.05 mil Shymkent
5%
-ton 1.16 mil Southampton
5%
-er 1.11 mil Tangier
5%
-ana 1.74 mil Adana
4%
-lin 1.56 mil Guilin
4%
-sk 1.13 mil Krasnoyarsk
4%
-io 1.37 mil Rosario
4%
-arta 1.63 mil Surakarta
4%
-ung 2.42 mil Taichung
4%
-ala 2.77 mil Gujranwala
3%
-ul 1.40 mil Mosul
3%
-th 1.35 mil Port Elizabeth
3%
-ay 1.42 mil Maracay
1%
-ama 2.20 mil Okayama
1%
-ia 2.42 mil Goiânia
0%
-ana 1.98 mil Ludhiana
0%
-ara 2.22 mil Vadodara
0%
-ch 1.61 mil Virginia Beach
0%
No matching quizzes found
Score Distribution
Percent of People with Each Score
Percentile by Number Answered
Your Score History
You have not taken this quiz